000 00676nam a2200241Ia 4500
003 OSt
005 20220918200617.0
006 a|||||r|||| 00| 0
007 ta
008 220917b |||||||| |||| 00| 0 eng d
024 _a89,510
037 _cTextual
040 _aARTS
_cARTS
_beng
041 _2eng
_aeng
082 _aU47.687.N7, L3 (906)
100 _aOjany Francis F
_994828
245 0 _aKenya ; a study in physical and human geography
260 _c1973
650 _aHUMAN GEOGRAPHY
_91464
700 _a Ogendo Reuben B
_994829
942 _hU47.687.N7, L3 (906)
_cTEXL
_2CC
999 _c213180
_d213180